000 00742nam a2200265Ia 4500
003 OSt
005 20221006151009.0
006 a|||||r|||| 00| 0
007 ta
008 221006b |||||||| |||| 00| 0 jpn d
020 _c¥6500
024 _a20,582
037 _bGift, Japan Foundation
_cTextual
040 _aEASL
_cEASL
_bjpn
041 _2jpn
_ajpn
082 _aY310aW3.42.J7, M6
100 _aTABATA Yasuko
_9658051
245 0 _aChusei sonraku no kozoto ryoshusei
260 _aTokyo
_bHosei Daigaku Shuppan Kyoku Japan
_c1986
300 _a340p.
_ccm.
490 _v JL
650 _aJL
942 _hY310aW3.42.J7, M6
_cTEXL
_2CC
999 _c1088668
_d1088668